000 00512nam a2200181Ia 4500
008 230917s9999||||xx |||||||||||||| ||und||
020 _cRS1500
040 _e235550
_aMAIN
041 _aEnglish
082 _a658.3 S14E(5)
100 _aSubba Rao, P
245 0 _aEssentials of human resource management and industrial relations
250 _a5th ed.
260 _aMumbai
_bHimalaya Publishing House
_c2012
300 _a685 p.
500 _a2445 03/11/2016 HBD16/6711 10/11/2016 Main Budget
942 _cBK
999 _c19677
_d19677